| 000 | 02704nam1a2200385 i 4500 | ||
|---|---|---|---|
| 001 | RU\NLR\BIBL_A\012641313 | ||
| 005 | 20260405175439.0 | ||
| 010 | _a9785209106173 | ||
| 035 | _a(NLR Aleph) 012641313 | ||
| 090 |
_a12696691 _c12696691 |
||
| 100 | _a20211112g20209999um y0rusy50 ca | ||
| 101 | 0 | _arus | |
| 102 | _aRU | ||
| 105 | _a||||j|||||||| | ||
| 181 | 0 |
_ai _baxxe |
|
| 182 | 0 | _an | |
| 200 | 1 |
_aРазработка нефтяных и газовых месторождений _eконспект лекций _eучебно-методическое пособие для бакалавров, обучающихся по направлению "Нефтегазовое дело" _eв трех частях _fН.А. Дроздов, А.Н. Дроздов, Я.А. Горбылева, Е.И. Горелкина _gФедеральное государственное автономное образовательное учреждение высшего образования "Российский университет дружбы народов", Инженерная академия, Департамент недропользования и нефтегазового дела |
|
| 203 |
_aТекст _bвизуальный _cнепосредственный |
||
| 210 |
_aМосква _cРоссийский университет дружбы народов _d2020 |
||
| 215 | _d20 | ||
| 300 | _aАвт. указаны на обороте тит. с. | ||
| 606 | 1 |
_aНефть _jУчебно-методические пособия для высших учебных заведений _xДобыча _91080697 _3RU\NLR\AUTH\66422365 |
|
| 606 |
_aЕстественные газы _jУчебно-методические пособия для высших учебных заведений _xДобыча _91319948 _3RU\NLR\AUTH\66232359 |
||
| 686 | 1 | _aВ36я73-2 | |
| 701 | 1 |
_aДроздов _bН. А. _gНиколай Александрович |
|
| 701 | 1 |
_7ca _8rus _aДроздов _bА. Н. _cд-р техн. наук, нефтяная промышленность _f1957- _gАлександр Николаевич _3RU\NLR\AUTH\7776516 _959444 |
|
| 701 | 1 |
_aГорбылева _bЯ. А. _gЯна Алексеевна |
|
| 701 | 1 |
_aГорелкина _bЕ. И. _gЕвгения Ильинична |
|
| 712 | 0 | 2 |
_4570 _aРоссийский университет дружбы народов _bИнженерная академия _bДепартамент недропользования и нефтегазового дела _9777643 _3RU\NLR\AUTH\880555387 |
| 852 |
_aNLR _j2021-4/11505 |
||
| 942 | _cBOOK | ||
| 980 | _aNBR | ||